Statistics for Harry Potter Quiz

Click here to take the quiz!

General Stats

  • This quiz has been taken 62 times
  • The average score is 10 of 14

Answer Stats

QuestionAnswer% Correct
Who were Harry's parents?James and Lily Potter
90%
Which of these Hogwarts professors teaches Transfiguration?McGonagall
90%
Who kills Dumbledore at the end of "The Half-Blood Prince"?Snape
88%
Who are the Muggle aunt and uncle that Harry must live with every summer?Vernon and Petunia Dursley
88%
In Book 4, Harry received much unwanted attention from which Daily Prophet reporter?Rita Skeeter
78%
Harry finds himself infatuated with a girl for the first time in Book 4. What Quidditch position did Cho Chang play?Seeker
78%
Which Harry Potter word is now in the Oxford English Dictionary?Muggle
76%
Who was NOT a member of the Order of the Phoenix out of Mad-Eye Moody, Bellatrix Lestrange and Sirius Black?Bellatrix Lestrange
73%
When Harry meets Luna Lovegood for the first time, which publication is she reading?The Quibbler
63%
In Book 3, Harry nearly dies several times after catching a glimpse of which death omen?The Grim
61%
Who first shows Harry the diary of Tom Riddle?Moaning Myrtle
59%
Hermione begs permission from Professor McGonagall to take an unusually heavy course load in her third year. What does McGonagall give her to help her get to all her classes?A time-turner
55%
Which horse-like creatures pull the school carriages at Hogwarts?Thestrals
55%
The first Harry Potter theme park opened in 2010. Where is it?Orlando, Florida
53%

Score Distribution

Percentile by Number Answered

Percent of People with Each Score

Your Score History

You have not taken this quiz